000 00960nas a2200337 4500
001 BR9510913
003 BR-BrBNA
005 20231205094601.0
007 ta
008 230509b bl.|||p| |||| 00| 00por d
040 _aBR-BrBNA
_bpor
_cBiblioteca Nacional de Agricultura
041 _a(Pt)
072 _aF08; P30
100 1 _aCastro, O.M. de
100 1 _aCamargo, O.A. de
100 1 _aCantarella, H.
100 1 _aVieira, S.R.
100 1 _aDechen, S.C.F.
245 1 _aTeores de zinco, cobre, manganes e ferro em dois latossolos sob plantios direto e convencional
650 _aPlantio Direto
650 _aLatossolo Vermelho Amarelo
650 _aZinco
650 _aCobre
650 _aManganes
650 _aFerro
650 _aManejo do Solo
650 _aSao Paulo
773 0 _tBragantia (Brazil)
_xISSN 0006-8705
_g(1992), v. 51(1) p. 77-84
_wBR9510913
909 _a202311
_bLúcia
_c55
_dLúcia Elande
942 _2AGRIS
_n0
_cANA
999 _c145448
_d145448